Electric machinery fundamentals (Record no. 1110)

000 -LEADER
fixed length control field 00674nam a22002294a 4500
001 - CONTROL NUMBER
control field 1110
003 - CONTROL NUMBER IDENTIFIER
control field BD-DhUET
008 - FIXED-LENGTH DATA ELEMENTS--GENERAL INFORMATION
fixed length control field 030923s2005 nyua b 001 0 eng
020 ## - INTERNATIONAL STANDARD BOOK NUMBER
International Standard Book Number 0071151559
040 ## - CATALOGING SOURCE
Original cataloging agency DLC
Transcribing agency DLC
Modifying agency BD-DhUET
082 00 - DEWEY DECIMAL CLASSIFICATION NUMBER
Classification number 623
Item number CHA/2005
100 1# - MAIN ENTRY--PERSONAL NAME
Personal name Chapman, Stephen J.
245 10 - TITLE STATEMENT
Title Electric machinery fundamentals
250 ## - EDITION STATEMENT
Edition statement 4th ed.
260 ## - PUBLICATION, DISTRIBUTION, ETC. (IMPRINT)
Place of publication, distribution, etc. Boston
Name of publisher, distributor, etc. McGraw-Hill
Date of publication, distribution, etc. 2005
300 ## - PHYSICAL DESCRIPTION
Extent xxii, 746p.
Other physical details ill.
Dimensions 24 cm.
500 ## - GENERAL NOTE
General note Includes bibliographies
650 #0 - SUBJECT ADDED ENTRY--TOPICAL TERM
Topical term or geographic name as entry element Electric engineering
856 41 - ELECTRONIC LOCATION AND ACCESS
Uniform Resource Identifier http://www.loc.gov/catdir/toc/mh041/2003065174.html
856 42 - ELECTRONIC LOCATION AND ACCESS
Uniform Resource Identifier http://www.loc.gov/catdir/description/mh041/2003065174.html
942 ## - ADDED ENTRY ELEMENTS (KOHA)
Koha item type General Book
Holdings
Koha date last seen Lost status Not for loan Piece designation (barcode) Koha renewals Shelving location Source of classification or shelving scheme Location (home branch) Copy number Koha date last borrowed Koha normalized classification for sorting Withdrawn status Sublocation or collection (holding branch) Price effective from Koha item type Koha out on loan Damaged status Date acquired Koha full call number Koha issues (times borrowed)
2025-04-16  103333 Circulation section Central Library, BUET12024-12-18623_000000000000000_CHA_2005 Central Library, BUET2014-08-30General Book  2014-08-30623/CHA/200515
2026-04-15  103335 Circulation section Central Library, BUET22026-03-30623_000000000000000_CHA_2005 Central Library, BUET2014-08-30General Book  2014-08-30623/CHA/200523
2016-02-27  103336 Circulation section Central Library, BUET32016-02-27623_000000000000000_CHA_2005 Central Library, BUET2014-08-30General Book2017-02-26 2014-08-30623/CHA/20052
2022-11-22  1033371Circulation section Central Library, BUET42022-11-22623_000000000000000_CHA_2005 Central Library, BUET2014-08-30General Book2022-12-06 2014-08-30623/CHA/200511
2025-12-01  103339 Circulation section Central Library, BUET52025-12-01623_000000000000000_CHA_2005 Central Library, BUET2015-01-26General Book2025-12-15 2015-01-26623/CHA/200517
2026-02-03  103340 Circulation section Central Library, BUET62026-01-07623_000000000000000_CHA_2005 Central Library, BUET2015-12-30General Book  2015-12-30623/CHA/200525